Films dont le titre commence par un J Version facile - Statistiques

Statistiques générales
  • Ce quiz a été pris 12 fois
  • Le résultat moyen est 10 sur 30
Statistiques - réponses
Année Réalisateur Genre 1 acteur ou
1 actrice
Titre Indice facile % Correct
1986 C. Berri Drame Yves Montand Jean de Florette Jean
80%
2016 P. Larrain Biographie Natalie Portman Jackie *
70%
1983 I. Kershner Espionnage Sean Connery Jamais plus jamais plus
70%
1962 T. Young Espionnage Sean Connery James Bond contre Dr No contre
70%
1978 P. Richard Comédie Pierre Richard Je suis timide mais je me soigne timide
70%
2007 F. Lawrence Science-fiction Lucien Jean-Baptiste Je suis une légende légende
70%
2005 I. Mergault Comédie Michel Blanc Je vous trouve très beau très
70%
1997 Q. Tarantino Policier Pam Grier Jackie Brown *
60%
2016 P. Greengrass Action Matt Damon Jason Bourne *
60%
1960 R. S. Baker Drame Eddy Byrne Jack l'éventreur Jack
40%
2007 L. Boutonnat Historique Gaspard Ulliel Jacquou le Croquant le
40%
1959 M. Gast Drame Christian Marquand J'irai cracher sur vos tombes tombes
40%
1982 R. Davis Drame Nathalie Baye J'ai épousé une ombre ombre
30%
2012 C. Duguay Drame Guillaume Canet Jappeloup *
30%
2011 C. Eastwood Biographie Leonardo Di Caprio J. Edgar *
30%
1991 A. Téchiné Comédie dramatique Philippe Noiret J'embrasse pas pas
30%
1984 J-L Godard Drame Myriem Roussel Je vous salue Marie Marie
30%
2009 X. Dolan Drame Xavier Dolan J'ai tué ma mère mère
20%
2005 L. Tuel Comédie Fabrice Luchini Jean-Philippe *
20%
1973 P. Richard Comédie Pierre Richard Je sais rien mais je dirai tout rien
20%
1919 A. Gance Drame Romuald Joubé J'accuse *
10%
1946 I. Rapper Drame Bette Davis Jalousie *
10%
1960 J. Dassin Comédie Melina Mercouri Jamais le dimanche dimanche
10%
1944 R. Stevenson Drame psychologique Orson Welles Jane Eyre *
10%
1963 D. Chaffey Aventures Todd Armstrong Jason et les Argonautes les
10%
1948 M. Achard Comédie Danielle Darrieux Jean de la Lune Lune
10%
1992 B. Schroeder Drame psychologique Steven Weber J.F. partagerait appartement appartement
10%
1933 W. Ruggles Comédie Mae West Je ne suis pas un ange ange
0%
2004 O. Nakache Comédie Gérard Depardieu Je préfère qu'on reste amis amis
0%
1998 R. Waterhouse Comédie Jean Yanne Je règle mon pas sur le pas de mon père pas
0%
Aucun quiz correspondant
Distribution des résultats
% des personnes avec chaque résultat
Percentile par nombre de réponses
Votre historique - résultats
Vous n’avez pas pris ce quiz